Most Common Words In Metal Band Names - Statistics

General Stats
  • This quiz has been taken 2,441 times
  • The average score is 7 of 30
Answer Stats
# Answer % Correct
1,184 Death
87%
1,157 Black
71%
359 Metal
71%
924 Blood
50%
415 Kill
48%
1,094 Dark
46%
741 Dead
40%
704 Hell
34%
455 God
30%
409 Angel
25%
392 Fire
25%
520 Night
23%
300 Demon
21%
449 Evil
20%
731 War
18%
383 Head
16%
470 Hate
14%
345 Light
10%
329 Moon
10%
312 Grave
9%
503 Fall
6%
385 Lord
6%
538 Soul
6%
388 Rain
5%
304 Shadow
5%
389 Storm
5%
322 Winter
4%
312 Dawn
3%
347 Human
3%
632 Necro
2%
No matching quizzes found
Score Distribution
Percent of People with Each Score
Percentile by Number Answered
Your Score History
You have not taken this quiz